Existing countries in 2026 - Sudden Death - Statistics

General Stats
  • This quiz has been taken 20 times
  • The average score is 10 of 11
Answers on the Grid
Answers color-coded by a green-red scale on the quiz's grid according to % correct below.
San Marino
Ottoman Empire
Bougainville
South Africa
Weimar Republic
Alberta
Japanese Empire
France
Austro - Hungarian Empire
Czechoslovakia
Confederate States of America
Oahahahahahah Empire
Rwanda
Denmark
GREAT USA EMPIRE
hsdjhsdbiykdhyushj
Wallonia
Belgium
9000 year empire of 67
Uruguay
Mexico cartel supreme republic owns all of usa yayayayay
Mexico
North American Union
Dominica
Republic of Sulawesi
Bhutan
India
Penguin empire
 
Answer Stats
Answer % Correct
San Marino
100%
France
93%
South Africa
93%
Belgium
87%
Bhutan
87%
Denmark
87%
India
87%
Mexico
87%
Rwanda
87%
Uruguay
87%
Dominica
80%
No matching quizzes found
Score Distribution
Percent of People with Each Score
Percentile by Number Answered
Your Score History
You have not taken this quiz